Normal view MARC view
  • Harvey W Kushner ; Bart Davis

Entry Personal Name

Number of records used in: 1

001 - CONTROL NUMBER

  • control field: 9415

003 - CONTROL NUMBER IDENTIFIER

  • control field: NUST

005 - DATE AND TIME OF LATEST TRANSACTION

  • control field: 20180122091652.0

008 - FIXED-LENGTH DATA ELEMENTS

  • fixed length control field: 180122|| aca||aabn | a|a d

040 ## - CATALOGING SOURCE

  • Original cataloging agency: NUST
  • Transcribing agency: NUST

100 ## - HEADING--PERSONAL NAME

  • Personal name: Harvey W Kushner ; Bart Davis

670 ## - SOURCE DATA FOUND

  • Source citation: Work cat.: (NUST)321250: Harvey W Kushner ; Bart Davis, Holy war on the home front : the secret Islamic terror network in the United States, 2006
© 2023 Central Library, National University of Sciences and Technology. All Rights Reserved.